01001nam a2200241 a 4500001000200000003000900002005001700011008003400028020001500062040002600077082002900103100003100132245014700163250003700310260004800347300003600395500007100431504006400502650005300566651005500619700003600674700004900710 DO-SdBNP20221116125906.0100212s2003 dr a 000 0 spa d a9993473227 aDO-SdBNPbspacBPMSU  aR928.03bG377d, 20032221 aGerón, Cándido,d1950-10aDiccionario de autores dominicanos 1492-2003 /cCándido Gerón ; prólogo Joaquín Balaguer ; fotografías de Hugo Méndez Hernández  a4a ed. aum., actualizada y corr. aSanto Domingo :bEditora de Colores,c2003. a297 p. :bil., retrs. ;c31 cm. aIncluye datos biográficos del autor en la solapa de la cubierta  aIncluye referencias bibliográficas e índice de autores. 4aAutores dominicanosvDiccionariosvBiografías 14aRepública DominicanaxBiografíasxDiccionarios1 aBalaguer, Joaquín ePról. 1 a Méndez Hernández, Hugoefotografías